Understanding business / (Record no. 5375)
[ view plain ]
| 000 -LEADER | |
|---|---|
| fixed length control field | 02472cam a22002294a 4500 |
| 020 ## - INTERNATIONAL STANDARD BOOK NUMBER | |
| ISBN | 9789814670371 |
| 020 ## - INTERNATIONAL STANDARD BOOK NUMBER | |
| ISBN | 9814670375 |
| 050 ## - CALL NUMBER | |
| Classification number | HD31 |
| Item number | .N53 |
| 100 1# - AUTHOR | |
| Personal name | Nickels, William G. |
| 245 10 - TITLE | |
| Title | Understanding business / |
| Statement of responsibility, etc | William G. Nickels, James M. McHugh, Susan M. McHugh. |
| 250 ## - EDITION | |
| Edition statement | Eleventh edition. |
| 260 ## - PUBLICATION INFORMATION | |
| Place of publication | New York |
| Name of publisher | McGraw-Hill |
| Year of publication | 2016 |
| 300 ## - DESCRIPTION | |
| Number of Pages | xxxiv, 591 pages : |
| Other physical details | color illustrations ; |
| Dimensions | 29 cm. |
| 500 ## - NOTES | |
| General note | Includes index |
| 505 ## - FORMATTED CONTENTS NOTE | |
| Table of Content | Part 1 Business Trends: Cultivating a Business in Diverse, Global EnvironmentsChapter 1: Managing within the Dynamic Business Environment: Taking Risks and Making ProfitsChapter 2: How Economics Affects Business: The Creation and Distribution of WealthChapter 3: Competing in Global MarketsChapter 4: Demonstrating Ethical Behavior and Social ResponsibilityPart 2Business Ownership: Starting a Small BusinessChapter 5: Choosing a Form of Business OwnershipChapter 6: Entrepreneurship and Starting a Small BusinessPart 3Business Management: Empowering Employees to Satisfy CustomersChapter 7: Management, Leadership, and Employee EmpowermentChapter 8: Adapting Organizations to Today's MarketsChapter 9: Producing World-Class Goods and ServicesPart 4Management of Human Resources: Motivating Employees to Produce Quality Goods and ServicesChapter 10: Motivating Employees and Building Self-Managed TeamsChapter 11: Human Resource Management: Finding and Keeping the Best EmployeesChapter 12: Dealing with Employee-Management Issues and RelationshipsPart 5 Marketing: Developing and Implementing Customer-Oriented Marketing PlansChapter 13: Marketing: Building Customer RelationshipsChapter 14: Developing and Pricing Products and ServicesChapter 15: Distributing Products Quickly and EfficientlyChapter 16: Using Effective Promotional TechniquesPart 6 Managing Financial ResourcesChapter 17: Understanding Financial Information and AccountingChapter 18: Financial ManagementChapter 19: Securities Markets: Financing and Investing OpportunitiesChapter 20: Understanding Money, Financial Institutions and the Federal ReserveBonus Chapter A: Working Within the Legal Environment of BusinessBonus Chapter B: Using Technology to Manage InformationBonus Chapter C: Managing RiskBonus Chapter D: Managing Personal Finances |
| 650 #0 - SUBJECTS | |
| Topical Term | Industrial management. |
| 650 #0 - SUBJECTS | |
| Topical Term | Business. |
| 650 #0 - SUBJECTS | |
| Topical Term | Business |
| General subdivision | Vocational guidance. |
| 700 1# - OTHER AUTHORS | |
| Personal name | McHugh, James M. |
| 700 1# - OTHER AUTHORS | |
| Personal name | McHugh, Susan M. |
| 942 ## - ADDED ENTRY ELEMENTS (KOHA) | |
| Koha item type | Books |
| Withdrawn status | Lost status | Collection code | Home library | Current library | Shelving location | Date acquired | Full call number | Accession Number | Koha item type |
|---|---|---|---|---|---|---|---|---|---|
| Reference | Methodist University Library Main | Methodist University Library Main | General Stacks | 20/05/2017 | HD31 .N53 | 6319 | Books |